000 00482nam a22001817a 4500
003 0
005 20220114142018.0
008 0
020 _aISBN9716640102
040 _c0
050 _aLB3620
_b.T167 1994
100 _aTanodra, Elena Q.
245 _aPrinciples of campus journalism
_cElena Q. Tanodra
260 _aQuezonCity:
_bABC Educational Products and Service Department Agency;
_cc1994.
300 _axxxii,100pages;
_c25 cm.
504 _aIncludes Index.
942 _2lcc
_cF
999 _c2148
_d2148